Environmental management and business strategy : leadership skills for the 21st century/

Αποθηκεύτηκε σε:
Λεπτομέρειες βιβλιογραφικής εγγραφής
Κύριος συγγραφέας: Piasecki, Bruce W
Μορφή: Βιβλίο
Γλώσσα:Vietnamese
Έκδοση: WILEY 1999
Ετικέτες: Προσθήκη ετικέτας
Δεν υπάρχουν, Καταχωρήστε ετικέτα πρώτοι!
Thư viện lưu trữ: Mạng thư viện Đại học Đà Nẵng
LEADER 00707nam a2200265 4500
001 000028097
003 PI-BO
005 20150403120000.0
008 150403s vm 000 vie
020 |c 0,0000 
040 |a notts 
100 |a Piasecki, Bruce W 
245 |a Environmental management and business strategy : leadership skills for the 21st century/  |c Bruce W. Piasecki, Kevin A. Fletcher, FrankJ. Mendelson. 
260 |b WILEY  |c 1999 
OWN |a LTT 
999 |a From the UDN01 
TYP |a Monograph 
TYP |a Printed language 
980 |a Mạng thư viện Đại học Đà Nẵng